| 000 | 00663aam a2200229 4500 | ||
|---|---|---|---|
| 005 | 20161005111433.0 | ||
| 008 | 150610b xxu||||| |||| 00| 0 spa d | ||
| 041 | _aEspañol | ||
| 082 | _a1.4.17 C659c | ||
| 245 | _aCocina oriental: recetas de China, Japón, Corea y el Sudeste Asiático | ||
| 260 | _aMéxico | ||
| 260 | _bTrillas | ||
| 260 | _c1996 | ||
| 300 | _a112 páginas | ||
| 650 |
_aRECETAS DE COCINA _91731 |
||
| 650 |
_aCOCINA ORIENTAL _924893 |
||
| 650 |
_aRECETAS DE COCINA CHINA _924894 |
||
| 650 |
_aRECETAS DE COCINA JAPONESA _924895 |
||
| 650 |
_aRECETAS DE COCINA COREANA _924896 |
||
| 650 |
_aCOCINA INTERNACIONAL _924890 |
||
| 942 | _cBK | ||
| 999 |
_c1293 _d1293 |
||